| 000 | 00442nam a2200145Ia 4500 | ||
|---|---|---|---|
| 008 | 230917s9999||||xx |||||||||||||| ||und|| | ||
| 040 |
_e162342 _aMAIN |
||
| 041 | _aEnglish | ||
| 082 | _a891.43301731 SS58M | ||
| 100 | _aसंगर, सत्य प्रकाश | ||
| 245 | 0 | _aमुझे टिकट दो | |
| 260 |
_aदिल्ली _bराजकमल प्रकाशन _c1965 |
||
| 300 | _a239 पृ. p. | ||
| 942 | _cHN | ||
| 999 |
_c200529 _d200529 |
||